ბათუმის შოთა რუსთაველის სახელმწიფო უნივერსიტეტის ბიბლიოთეკა

პროდუქტის მენეჯმენტი მარტივად / (ბიბ.ჩანაწერი № 62080)

000 -ლიდერი
ფიქსირებული სიგრძის საკონტროლო ველი 01435nam a22002297a 4500
003 - საკონტროლო ნომრის იდენტიფიკატორი
საკონტროლო ველი Ge_BSU
005 - ბოლო ოპერაციის თარიღი და დრო
საკონტროლო ველი 20240704155452.0
008 - ფიქსირებული სიგრძის მონაცემთა ელემენტები - ზოგადი ინფორმაცია
ფიქსირებული სიგრძის საკონტროლო ველი 240704s2021 ge ||||| |||| 00| 0 geo d
020 ## - წიგნის საერთაშორისო სტანდარტული ნომერი
International Standard Book Number 9789941328688
041 ## - ენის კოდი
Language code of text/sound track or separate title geo
080 ## - უნივერსალური ათობითი კლასიფიკაციის ინდექსი
Universal Decimal Classification number 005.9(075.8)ლ-87
100 ## - მთავარი ჩანაწერი - პიროვნების სახელი
Personal name ლოული, ბრაიან, ავტორი.
9 (RLIN) 22713
245 ## - ცნობა სათაურის შესახებ
Title პროდუქტის მენეჯმენტი მარტივად /
Statement of responsibility, etc ბრაიან ლოული და პამელა სკური ; მთარგმნელი თამთა ხუციშვილი-ბერუაშვილი ; სარედაქციო ჯგუფი: ზურაბ აბაშიძე, ნინო მალუტაშვილი, თამარ ჯანთიშვილი [და სხვა].
264 ## - წარმოების, გამოცემის, დისტრიბუციის და სხვა ცნობები
გამოცემის, წარმოების, დისტრიბუციის... ადგილი თბილისი :
გამოცემის, წარმოების, დისტრიბუციის... სახელწოდება პალიტრა L,
გამოცემის, წარმოების, დისტრიბუციის... თარიღი 2021.
300 ## - ფიზიკური აღწერა
Extent 444 გვ.:
Other physical details სქ. ;
Dimensions 23 სმ.
440 ## - სერიის ცნობა / დამატებულია ჩანაწერი - სათაური
Title ლურჯი ოკეანე - წარმატების ბიბლიოთეკა
9 (RLIN) 13234
653 ## - INDEX TERM--UNCONTROLLED
Uncontrolled term პროდუქტის მენეჯმენტი
653 ## - INDEX TERM--UNCONTROLLED
Uncontrolled term მენეჯმენტი
700 ## - ADDED ENTRY--PERSONAL NAME
Personal name სკური, პამელა
9 (RLIN) 22714
700 ## - ADDED ENTRY--PERSONAL NAME
Personal name ხუციშვილი-ბერუაშვილი, თამთა
Relator term მთარგმნელი და სხვ.
9 (RLIN) 22715
942 ## - ADDED ENTRY ELEMENTS (KOHA)
Source of classification or shelving scheme
Koha item type წიგნი
ეგზემპლარები
ჩამოწერის სტატუსი დაკარგული ეგზემპლარის სტატუსი კლასიფიკაციის წყარო ან თაროზე გაწყობის სქემა დაზიანების სტატუსი არ გაიცემა მუდმივი მდებარეობა (დაცვის ადგილი) ამჟამინდელი ადგილსამყოფელი თაროზე განთავსების ადგილი შეძენის თარიღი ღირებულება, შესყიდვის ნორმალური ფასი სრული შენახვის შიფრი შტრიხკოდი ბოლო ოპერაციის თარიღი ეგზემპლარის მიმდევრობითი ნომერი (კეტერი?) ფასის ძალაში შესვლის თარიღი ეგზემპლარის სახეობა საჯარო შენიშვნა
          ბათუმის შოთა რუსთაველის სახელმწიფო უნივერსიტეტის მთავარი ბიბლიოთეკა ბათუმის შოთა რუსთაველის სახელმწიფო უნივერსიტეტის მთავარი ბიბლიოთეკა წიგნსაცავი 2024-07-04 14.00 005.9(075.8)ლ-87 68442 2024-07-04 68442 2024-07-04 წიგნი 14ლ.95თ.
          ბათუმის შოთა რუსთაველის სახელმწიფო უნივერსიტეტის მთავარი ბიბლიოთეკა ბათუმის შოთა რუსთაველის სახელმწიფო უნივერსიტეტის მთავარი ბიბლიოთეკა წიგნსაცავი 2024-07-04 14.00 005.9(075.8)ლ-87 68443 2024-07-04 68443 2024-07-04 წიგნი 14ლ.95თ.
          ბათუმის შოთა რუსთაველის სახელმწიფო უნივერსიტეტის მთავარი ბიბლიოთეკა ბათუმის შოთა რუსთაველის სახელმწიფო უნივერსიტეტის მთავარი ბიბლიოთეკა წიგნსაცავი 2024-07-04 14.00 005.9(075.8)ლ-87 68444 2024-07-04 68444 2024-07-04 წიგნი 14ლ.95თ.
          ბათუმის შოთა რუსთაველის სახელმწიფო უნივერსიტეტის მთავარი ბიბლიოთეკა ბათუმის შოთა რუსთაველის სახელმწიფო უნივერსიტეტის მთავარი ბიბლიოთეკა წიგნსაცავი 2024-07-04 14.00 005.9(075.8)ლ-87 68445 2024-07-04 68445 2024-07-04 წიგნი 14ლ.95თ.
          ბათუმის შოთა რუსთაველის სახელმწიფო უნივერსიტეტის მთავარი ბიბლიოთეკა ბათუმის შოთა რუსთაველის სახელმწიფო უნივერსიტეტის მთავარი ბიბლიოთეკა წიგნსაცავი 2024-07-04 14.00 005.9(075.8)ლ-87 68446 2024-07-04 68446 2024-07-04 წიგნი 14ლ.95თ.